|
|
|
|
| LEADER |
02049nam a2200481 i 4500 |
| 001 |
EBC1651876 |
| 003 |
MiAaPQ |
| 005 |
20200520144314.0 |
| 006 |
m o d | |
| 007 |
cr cnu|||||||| |
| 008 |
140412t20012001njua ob 001 0 eng d |
| 020 |
|
|
|z 9780691116358
|
| 020 |
|
|
|a 9781400851621
|q (electronic bk.)
|
| 035 |
|
|
|a (MiAaPQ)EBC1651876
|
| 035 |
|
|
|a (Au-PeEL)EBL1651876
|
| 035 |
|
|
|a (CaPaEBR)ebr10853265
|
| 035 |
|
|
|a (CaONFJC)MIL586192
|
| 035 |
|
|
|a (OCoLC)878146813
|
| 040 |
|
|
|a MiAaPQ
|b eng
|e rda
|e pn
|c MiAaPQ
|d MiAaPQ
|
| 043 |
|
|
|a e------
|
| 050 |
|
4 |
|a HG922
|b .S27 2001
|
| 082 |
0 |
|
|a 332.4/94
|2 21
|
| 100 |
1 |
|
|a Sargent, Thomas J.,
|e author.
|
| 245 |
1 |
4 |
|a The big problem of small change /
|c Thomas J. Sargent, Francois R. Velde.
|
| 264 |
|
1 |
|a Princeton, New Jersey ;
|a Oxfordshire, England :
|b Princeton University Press,
|c 2001.
|
| 264 |
|
4 |
|c 2001
|
| 300 |
|
|
|a 1 online resource (428 pages) :
|b illustrations, tables.
|
| 336 |
|
|
|a text
|2 rdacontent
|
| 337 |
|
|
|a computer
|2 rdamedia
|
| 338 |
|
|
|a online resource
|2 rdacarrier
|
| 490 |
1 |
|
|a Princeton Economic History of the Western World
|
| 504 |
|
|
|a Includes bibliographical references and indexes.
|
| 588 |
|
|
|a Description based on print version record.
|
| 590 |
|
|
|a Electronic reproduction. Ann Arbor, MI : ProQuest, 2015. Available via World Wide Web. Access may be limited to ProQuest affiliated libraries.
|
| 650 |
|
0 |
|a Money
|z Europe
|x History.
|
| 650 |
|
0 |
|a Coins
|z Europe
|x History.
|
| 650 |
|
0 |
|a Mints
|z Europe
|x History.
|
| 655 |
|
4 |
|a Electronic books.
|
| 700 |
1 |
|
|a Velde, Francois R.,
|e author.
|
| 776 |
0 |
8 |
|i Print version:
|a Sargent, Thomas J.
|t Big problem of small change.
|d Princeton, New Jersey ; Oxfordshire, England : Princeton University Press, c2001
|h xxi, 405 pages
|k Princeton economic history of the Western world.
|z 9780691116358
|w 2001055481
|
| 797 |
2 |
|
|a ProQuest (Firm)
|
| 830 |
|
0 |
|a Princeton economic history of the Western world.
|
| 856 |
4 |
0 |
|u https://ebookcentral.proquest.com/lib/matrademy/detail.action?docID=1651876
|z Click to View
|